00766nam a2200241 a 4500001001300000003000900013005001700022008004100039020001000080082001800090100001700108245004900125260003900174300000800213500003500221505007500256650002800331700001700359902000800376942000700384952011800391999001500509nice12345678IN_TiNIC20260116011848.0050524s1927 mana grp 000 0 eng  ac10000a297.1224bMIN aMingana, D D aSyriac Influence on the Style of the Kur`an. aManchesterbUniversity Pressc1927 a24p aincludes index and biblioraphy2 areprinted from"the bulletin of the john rylands library 1927,V.11,No.1 aQuran-Textual Criticism1 aMingana, D D bSRS cBK 001040708StackRoom-aHMIbHMId2007-07-31g100.00l0o297.1224 MINp05063r2007-07-31v100.00w2005-05-24yBK c4535d4535